00759nam a22002417a 450000500170000001000130001702000230003003500130005303700160006604000120008208200110009410000250010524500580013026000340018827000390022230000200026165000300028165000190031170000260033094200200035699900190037695201220039520170124110111.0 aA-779720 c125.00a8174360093 aA-779720 bCen Lib/Ret aDPLbEN aNbFRA aFrain, Irene 929033 aPhoolan /cby Irene Frain; translated by Carol Brick  aRoli Books bNew Delhi c1994 bNew Delhi a4, ansari roade110002 a404p.c21cm(Hb) aFrench literature 923631 aNovels 913976 aBrick, Carol 9102093 2ddccENhNmFRA c130372d130372 00104070aLbLd2015-07-09eCen Lib/Retg125.00l0oN FRApA-779720r2015-07-09 00:00:00t1v125.00w2015-07-09yEN